Normal view
MARC view
- Schuler, Randall S.
Entry Personal Name
001 - CONTROL NUMBER
- control field: 14103
003 - CONTROL NUMBER IDENTIFIER
- control field: NUST
005 - DATE AND TIME OF LATEST TRANSACTION
- control field: 20190411140304.0
008 - FIXED-LENGTH DATA ELEMENTS
- fixed length control field: 190411|| aca||aabn | a|a d
040 ## - CATALOGING SOURCE
- Original cataloging agency: NUST
- Transcribing agency: NUST
100 ## - HEADING--PERSONAL NAME
- Personal name: Schuler, Randall S.
670 ## - SOURCE DATA FOUND
- Source citation: Work cat.: (NUST)0: Buller, Paul F. 14100, Managing organizations and people :, c2000.
